| 000 -ლიდერი |
| ფიქსირებული სიგრძის საკონტროლო ველი |
02067nam a22002777a 4500 |
| 003 - საკონტროლო ნომრის იდენტიფიკატორი |
| საკონტროლო ველი |
Ge_BSU |
| 005 - ბოლო ოპერაციის თარიღი და დრო |
| საკონტროლო ველი |
20250923195225.0 |
| 008 - ფიქსირებული სიგრძის მონაცემთა ელემენტები - ზოგადი ინფორმაცია |
| ფიქსირებული სიგრძის საკონტროლო ველი |
250923s2025 ge ||||| |||| 00| 0 geo d |
| 020 ## - წიგნის საერთაშორისო სტანდარტული ნომერი |
| International Standard Book Number |
9789941996306 |
| 041 ## - ენის კოდი |
| Language code of text/sound track or separate title |
geo |
| 080 ## - უნივერსალური ათობითი კლასიფიკაციის ინდექსი |
| Universal Decimal Classification number |
93(479.22) მ-42 |
| 100 ## - მთავარი ჩანაწერი - პიროვნების სახელი |
| Personal name |
მაცაბერიძე, მალხაზ |
| 9 (RLIN) |
25855 |
| 245 ## - ცნობა სათაურის შესახებ |
| Title |
ივანე ჯავახიშვილის საზოგადოებრივ-პოლიტიკური და სამეცნიერო მოღვაწეობა საქართველოს დემოკრატიული რესპუბლიკის (1918-1921) პერიოდში : |
| Remainder of title |
მონოგრაფია / |
| Statement of responsibility, etc |
მალხაზ მაცაბერიძე, დავით სართანია, თამარ ორჯონიკიძე; რედ.: სტივენ ჯონსი; დიზაინერი დალი ჯვარშეიშვილი; ივანე ჯავახიშვილის სახელობის თბილისის სახელმწიფო უნივერსიტეტი. |
| 264 ## - წარმოების, გამოცემის, დისტრიბუციის და სხვა ცნობები |
| გამოცემის, წარმოების, დისტრიბუციის... ადგილი |
თბილისი : |
| გამოცემის, წარმოების, დისტრიბუციის... სახელწოდება |
თსუ, |
| გამოცემის, წარმოების, დისტრიბუციის... თარიღი |
2025. |
| 300 ## - ფიზიკური აღწერა |
| Extent |
408 გვ.; |
| Other physical details |
29 სმ. |
| 504 ## - BIBLIOGRAPHY, ETC. NOTE |
| Bibliography, etc |
ბიბლიოგრ.გვ. 402-404 |
| 520 ## - SUMMARY, ETC. |
| Summary, etc |
რეზიუმე გვ. 406-408 |
| 653 ## - INDEX TERM--UNCONTROLLED |
| Uncontrolled term |
ისტორია |
| 653 ## - INDEX TERM--UNCONTROLLED |
| Uncontrolled term |
ივანე ჯავახიშვილი |
| 700 ## - ADDED ENTRY--PERSONAL NAME |
| Personal name |
სართანია, დავით |
| Relator term |
ავტორი |
| 9 (RLIN) |
25856 |
| 700 ## - ADDED ENTRY--PERSONAL NAME |
| Personal name |
ორჯონიკიძე, თამარ |
| Relator term |
ავტორი |
| 9 (RLIN) |
25857 |
| 700 ## - ADDED ENTRY--PERSONAL NAME |
| Personal name |
ჯონსი, სტივენ |
| Relator term |
რედაქტორი |
| 9 (RLIN) |
25858 |
| 700 ## - ADDED ENTRY--PERSONAL NAME |
| Personal name |
ჯვარშეიშვილი, დალი |
| Relator term |
დიზაინერი |
| 9 (RLIN) |
25859 |
| 710 ## - ADDED ENTRY--CORPORATE NAME |
| Corporate name or jurisdiction name as entry element |
ივანე ჯავახიშვილის სახელობის თბილისის სახელმწიფო უნივერსიტეტი. |
| 9 (RLIN) |
25860 |
| 942 ## - ADDED ENTRY ELEMENTS (KOHA) |
| Source of classification or shelving scheme |
|
| Koha item type |
წიგნი |